|
|
|
|
| LEADER |
00000nab a2200000 a 4500 |
| 001 |
vtls000885590 |
| 003 |
SK-MaSNL |
| 005 |
20260304110901.0 |
| 008 |
250429c2004 xo 0 slo |
| 015 |
|
|
|a SNBRB2004/09-27399
|
| 035 |
|
|
|a CLN000237030
|
| 035 |
|
|
|a urn:nbn:sk:snk-ab72oh
|
| 035 |
|
|
|a (uuid)370a5827-022c-4ce5-a0c0-b4bae209d489
|
| 035 |
|
|
|a (urnnbn)urn:nbn:sk:snk:ar-a06qr8
|
| 035 |
|
|
|a (sysno)vtls000885590
|
| 040 |
|
|
|a SNKBUCL
|b slo
|c SNKBUCL
|e AACR2
|
| 041 |
0 |
|
|a slo
|
| 044 |
|
|
|a xo
|c SK
|
| 080 |
|
|
|a 658.5.012.122:519.863
|2 1997
|
| 080 |
|
|
|a 519.863
|2 1997
|
| 100 |
1 |
|
|a Šebej, Peter
|4 aut
|9 8054
|
| 245 |
1 |
0 |
|a Multikriteriálna optimalizácia plánovania výroby použitím matematického modelu
|n (časť 1)
|c Peter Šebej
|
| 300 |
|
|
|b Tab.
|
| 504 |
|
|
|a Bibliogr. odkazy
|
| 504 |
|
|
|a Res. angl., slov.
|
| 650 |
0 |
7 |
|a výroba
|x plánovanie
|x optimalizácia viackriteriálna
|x modelovanie matematické
|2 snkbucl
|9 1410070
|
| 650 |
0 |
7 |
|a plánovanie
|2 snkbucl
|9 15324
|
| 650 |
0 |
7 |
|a viackriteriálna optimalizácia
|2 snkbucl
|9 569023
|
| 655 |
|
7 |
|a články z novín a časopisov
|2 snkbucl
|9 267496
|
| 773 |
0 |
|
|t Výrobné inžinierstvo
|g Roč. 3, č. 2 (2004), s. 67-70
|x 1335-7972
|
| 850 |
|
|
|a Slovenská národná knižnica
|
| 852 |
|
|
|a Slovenská národná knižnica
|
| 954 |
|
|
|a odborná, vedecká literatúra pôvodná (slovenská)
|2 lita
|
| 958 |
|
|
|a article27
|
| 958 |
|
|
|a NB
|
| 958 |
|
|
|a OND
|
| 958 |
|
|
|a EUIPO
|
| 999 |
|
|
|c 2861321
|d 2863251
|